Gender and time of sleep among US adults (Record no. 99467)

000 -LEADER
fixed length control field 00524pab a2200205 454500
008 - FIXED-LENGTH DATA ELEMENTS--GENERAL INFORMATION
fixed length control field 180718b2013 xxu||||| |||| 00| 0 eng d
100 ## - MAIN ENTRY--PERSONAL NAME
Personal name Burgard, Sarah A.
245 ## - TITLE STATEMENT
Title Gender and time of sleep among US adults
260 ## - PUBLICATION, DISTRIBUTION, ETC.
Date of publication, distribution, etc. 2013
300 ## - PHYSICAL DESCRIPTION
Extent p.51-69.
362 ## - DATES OF PUBLICATION AND/OR SEQUENTIAL DESIGNATION
Dates of publication and/or sequential designation Feb
650 ## - SUBJECT ADDED ENTRY--TOPICAL TERM
Topical term or geographic name entry element Adults - United states
650 ## - SUBJECT ADDED ENTRY--TOPICAL TERM
Topical term or geographic name entry element Sleep - United states
650 ## - SUBJECT ADDED ENTRY--TOPICAL TERM
Topical term or geographic name entry element Women - United states
650 ## - SUBJECT ADDED ENTRY--TOPICAL TERM
Topical term or geographic name entry element Women
700 ## - ADDED ENTRY--PERSONAL NAME
Personal name Alishire, Jennifer A.
773 ## - HOST ITEM ENTRY
Main entry heading American Sociological Review
908 ## - PUT COMMAND PARAMETER (RLIN)
Put command parameter N
909 ## -
-- 99468
Holdings
Withdrawn status Lost status Damaged status Not for loan Permanent Location Current Location Date acquired Serial Enumeration / chronology Barcode Date last seen Price effective from Koha item type
        Indian Institute of Public Administration Indian Institute of Public Administration 2018-07-19 Volume no: 78, Issue no: 1 AR99928 2018-07-19 2018-07-19 Articles

Powered by Koha